Las estrellas : historia del cine en sus mitos : Rodolfo Valentino /

Historia del cine organizada –como apunta su título- en torno las actrices y actores más reconocidos del medio, con el predominio habitual de intérpretes nacidos en Estados Unidos o que han desarrollado su trayectoria fundamentalmente en la industria fílmica norteamericana. Está dividida en ocho vol...

Ful tanımlama

Kaydedildi:
Detaylı Bibliyografya
Yazar: Gasca, Luis (dirección)
Materyal Türü: Kitap
Dil:İspanyolca
Baskı/Yayın Bilgisi: Madrid, España : Urbión, 1980, c1980
Seri Bilgileri:(Las Estrellas: Historia del Cine en sus Mitos ; 11)
Konular:
Etiketler: Etiketle
Etiket eklenmemiş, İlk siz ekleyin!

MARC

LEADER 00000nam^a2200000^a^4500
001 000356453
005 20250521000000.0
009 20260310115233.07
020 |a 84-85266-88-9 
020 |a 84-85266-89-7 
020 |a 84-85266-87-0 
025 |a Donación Juan Diego Castillo, 1 ejemplar 
037 |a Acervo ITESO - Biblioteca 
041 |a ESP 
082 |a 302. 23509  |b URB V. 11 
100 |a Gasca, Luis  |e (dirección) 
240 1 5 |a [Las estrellas: historia del cine en sus mitos] 
245 1 4 |a Las estrellas :  |b historia del cine en sus mitos : Rodolfo Valentino /  |c Dir. de L. Gasca. 
264 4 |a Madrid, España :  |b Urbión,  |c 1980, c1980 
300 |a p. 201-220 
336 |a texto  |b txt  |2 rdacontenido 
337 |a sin mediación  |b n  |2 rdamedio 
338 |a volumen  |b nc  |2 rdasoporte 
440 5 |a (Las Estrellas: Historia del Cine en sus Mitos ;  |v 11) 
520 |a Historia del cine organizada –como apunta su título- en torno las actrices y actores más reconocidos del medio, con el predominio habitual de intérpretes nacidos en Estados Unidos o que han desarrollado su trayectoria fundamentalmente en la industria fílmica norteamericana. Está dividida en ocho volúmenes, que recogen a su vez 120 fascículos coleccionables, publicados semanalmente y con una extensión de veinte páginas. La Biblioteca del ITESO cuenta con una decena de dichos fascículos, cuyo contenido no siempre se ajusta al personaje retratado en la cubierta. El fascículo número 11 contiene la mayor parte de la revisión filmográfica de la francesa Brigitte Bardot, quien revolucionó la imagen de la sexualidad femenina en las décadas posteriores a la Segunda Guerra Mundial, y los primeros años del italiano Rudolph Valentino (1895-1926), el primer "latin lover" de la historia cinematográfica y cuyo retrato preside la cubierta del fascículo. 
649 |a XX 
650 |a Actores Franceses -  |x Filmografías 
650 |a Actores Italianos -  |x Filmografías 
650 |a Actores Franceses -  |x Biografías 
650 |a Actores Italianos -  |x Biografías 
650 |a Mujeres Francesas -  |x Biografías 
650 |a Cine Francés -  |x Historia y Crítica 
650 |a Cine Francés -  |y Siglo XX 
650 |a Cine Mudo -  |z EUA -  |x Historia y Crítica 
650 |a Cine Norteamericano -  |x Historia y Crítica 
650 |a Cine Norteamericano -  |y Siglo XX 
650 |a Cine -  |x Historia y Crítica -  |x Tema Principal 
650 |a Cine -  |y Siglo XX 
650 |a Cine -  |x Publicaciones Periódicas Españolas -  |x Tema Principal 
650 |a Publicaciones Periódicas Españolas 
650 |a Bardot, Brigitte -  |x Tema Principal 
650 |a Valentino, James -  |x Tema Principal 
910 |a Fondo Castillo-Martínez 
920 |a Impresos - Libros 
930 |a Fondos Especiales 
905 |a 127 
901 |a 0500249349  |b IT2  |c ESP  |i D  |u 20250521 
902 |a https://opac.biblio.iteso.mx/vufind/Record/000356453